000 03315cam a22012614i 4500
003 PE-LiUPU
005 20250813185546.0
008 150706s r 000 0 d
020 _a9789972622366
035 _a(Sirsi) i9789972622366
040 _aPE-LiUPU
_bspa
_cPE-LiUPU
_erda
049 _aPRUA
082 0 4 _a331.185
_bA664e
100 1 _aArbaiza Fermini, Lydia,
_eAutor
245 1 0 _aEconomía informal y capital humano en el Perú :
_cLydia Arbaiza Fermini.
264 1 _aLima :
_bESAN Ediciones,
_c2008.
300 _a188 páginas :
_bilustraciones ;
_c21 cm
336 _atext
_2rdacontent
337 _aunmediated
_2rdamedia
338 _avolume
_2rdacarrier
504 _aIncluye bibliografía.
505 0 _aLa informalidad -- Capital humano y economía informal -- Antecedentes y origen del sector informal en el Perú -- Situación actual en la economía peruana -- Los recursos humanos del sector de las pymes -- La economía informal en América Latina -- Política e instrumentos usados contra la informalidad: el caso peruano -- Propuestas y recomendaciones de política alternativa.
526 _aP202
526 _aP201
526 _aP163
526 _aP162
526 _aP161
526 _aP160
526 _aP148
526 _aP147
526 _aP146
526 _aP145
526 _aP144
526 _aP143
526 _aP142
526 _aP141
526 _aP140
526 _aP139
526 _aP138
526 _aP137
526 _aP136
526 _aP135
526 _aP134
526 _aP133
526 _aP129
526 _aP128
526 _aP127
526 _aP120
526 _aP119
526 _aP118
526 _aP116
526 _aP115
526 _aP114
526 _aP110
526 _aP109
526 _aP108
526 _aP104
526 _aP103
526 _aP102
526 _aP99
526 _aP98
526 _aP97
526 _aP96
526 _aP95
526 _aP93
526 _aP90
526 _aP89
526 _aP88
526 _aP83
526 _aP82
526 _aP62
526 _aP59
526 _aP58
526 _aP57
526 _aP51
526 _aP49
526 _aP48
526 _aP47
526 _aP29
526 _aP24
526 _aP20
526 _aP19
526 _aP17
526 _aP15
526 _aP14
526 _aP12
526 _aP10
526 _aP09
526 _aP08
526 _aP07
526 _aP06
526 _aP05
526 _aP04
526 _aP01
650 0 0 _aCapital humano
_zPeru
_9299
650 0 0 _aPequeña empresa
_zPerú.
_9300
_vMicro Empresa
650 0 0 _aSector informal (Comercio)
_zPerú.
_9301
650 0 0 _aSector informal (Empleo)
_xAspectos Economicos
_zPerú.
_9302
650 0 0 _aSector Informal
_9303
_xAmérica Latina
700 _9304
_aAmpuero, Ada
_eCuidado de Edición.
700 _9305
_aDiaz, Rosa
_eCorrección de Estilo
700 _9306
_aForsyth, Alexander
_eDiseño de Carátula
700 _9307
_aPeirano, Blanca
_eDiseño de Interiores y diagramación
910 _agl
942 _2ddc
_cBOOK
980 _81
_gALBERTO SANCHEZ Responsable de Automatización
999 _c49525
_d49525